000 00376 a2200157 4500
001 71217
020 _a8526010344
040 _cAnchieta - Colégio São Paulo
100 _aQueiróz, Bartolomeu Campos de
240 1 0 _aHistória em três atos
_lpor
245 1 0 _aHistória em três atos
300 _a[16]
362 0 _a2005
650 4 _aLiteratura infantil
942 _cBK
999 _c71217
_d71217